000
00351 a2200169 4500
001
186957
020
_a
85-357-0313-6
040
_c
Magnum
100
_a
Santos, Jorge Fernando Dos
240
1
0
_a
O rei da rua
_l
por
245
1
0
_a
O rei da rua
300
_a
96
362
0
_a
2003
440
1
_a
Atual
697
_a
LITERATURA JUVENIL
942
_c
BK
999
_c
186957
_d
186957